000 00453nam a22001337a 4500
003 macl
005 20151106114349.0
008 151106b xxu||||| |||| 00| 0 eng d
040 _cmacl
041 _aHindi
245 _aसामान्‍य अध्‍ययन तृतीय प्रश्‍नपत्र नोट़स
260 _aइन्‍दौर
_bपुणेकर पब्लिकेशन्‍स
_c2015
942 _2ddc
_cHIN
999 _c50575
_d50575